Southville International School and Colleges
Your cart is empty.
  • Cart
  • Lists
    Public lists Eva Luna New books Lux_list list_1
    Your lists Log in to create your own lists
  • Log in to your account
  • Your cookies
  • Search history
Southville International School and Colleges
  • Advanced search
  • Recent comments
  • Most popular
  • Libraries

Log in to your account

Log in with GOOGLE


If you do not have an external account, but do have a local account, you can still log in:

  1. Home
  2. MARC view: Radiographic imaging and exposure /
Normal view MARC view ISBD view

Radiographic imaging and exposure / (Record no. 278740)

[ view plain ]
MARC details
000 -LEADER
fixed length control field 00915nam a22002895a 4500
001 - CONTROL NUMBER
control field 14829893
005 - DATE AND TIME OF LATEST TRANSACTION
control field 20150127105251.0
008 - FIXED-LENGTH DATA ELEMENTS--GENERAL INFORMATION
fixed length control field 070501s2008 mou 000 0 eng
010 ## - LIBRARY OF CONGRESS CONTROL NUMBER
LC control number 2007928089
020 ## - INTERNATIONAL STANDARD BOOK NUMBER
International Standard Book Number 9780323047272 (softcover : alk. paper)
040 ## - CATALOGING SOURCE
Original cataloging agency DLC
Transcribing agency DLC
050 ## - LIBRARY OF CONGRESS CALL NUMBER
Classification number RC 78
Item number .F27 2009
100 1# - MAIN ENTRY--PERSONAL NAME
Personal name Fauber, Terri L.
245 10 - TITLE STATEMENT
Title Radiographic imaging and exposure /
Statement of responsibility, etc Terri L. Fauber.
250 ## - EDITION STATEMENT
Edition statement 3rd ed.
260 ## - PUBLICATION, DISTRIBUTION, ETC. (IMPRINT)
Place of publication, distribution, etc St. Louis, MO :
Name of publisher, distributor, etc Mosby, Inc., and affiliate of Elsevier Inc.,
Date of publication, distribution, etc 2009.
263 ## - PROJECTED PUBLICATION DATE
Projected publication date 0802
300 ## - PHYSICAL DESCRIPTION
Extent 402 pages :
Other physical details colored illustrations ;
Dimensions 25 cm.
521 ## - TARGET AUDIENCE NOTE
Target audience note Radiologist
650 ## - SUBJECT ADDED ENTRY--TOPICAL TERM
Topical term or geographic name as entry element Radiography, Medical
General subdivision Exposure.
650 ## - SUBJECT ADDED ENTRY--TOPICAL TERM
Topical term or geographic name as entry element Radiography, Medical
General subdivision Image quality.
650 ## - SUBJECT ADDED ENTRY--TOPICAL TERM
Topical term or geographic name as entry element Radiography.
650 ## - SUBJECT ADDED ENTRY--TOPICAL TERM
Topical term or geographic name as entry element Radiographic Image Enhancement.
906 ## - LOCAL DATA ELEMENT F, LDF (RLIN)
a 0
b ibc
c orignew
d 2
e epcn
f 20
g y-gencatlg
942 ## - ADDED ENTRY ELEMENTS (KOHA)
Source of classification or shelving scheme Library of Congress Classification
Koha item type Books
Holdings
Withdrawn status Lost status Source of classification or shelving scheme Damaged status Home library Current library Shelving location Date acquired Total Checkouts Full call number Barcode Date last seen Date checked out Copy number Price effective from Koha item type Total Renewals Source of acquisition Sub Shelving location
    Library of Congress Classification   South SEED-LPDH College Library College Library South SEED-LPDH College Section 02/27/2014 2 RC 78 .F27 2009 SSLC0062 05/15/2018 11/11/2014 1 02/27/2014 Books 10    
    Library of Congress Classification   South SEED-LPDH College Library South SEED-LPDH College Library South SEED-LPDH College Section 02/27/2014 2 RC 78 .F27 2009 SSLC0061 05/15/2018 12/10/2014 1 02/27/2014 Books      
    Library of Congress Classification   South SEED-LPDH College Library South SEED-LPDH College Library South SEED-LPDH College Section 01/27/2015   RC 78 .F27 2009 SSLC1399 05/15/2018     01/27/2015 Books   Library Fund  

Radiographic imaging and exposure /

APA

Fauber T. L., . (2009). Radiographic imaging and exposure. St. Louis, MO: Mosby, Inc., and affiliate of Elsevier Inc.

Chicago

Fauber Terri L, . 2009. Radiographic imaging and exposure. St. Louis, MO: Mosby, Inc., and affiliate of Elsevier Inc.

Harvard

Fauber T. L., . (2009). Radiographic imaging and exposure. St. Louis, MO: Mosby, Inc., and affiliate of Elsevier Inc.

MLA

Fauber Terri L, . Radiographic imaging and exposure. St. Louis, MO: Mosby, Inc., and affiliate of Elsevier Inc. 2009.

  • Place hold
  • Print
  • Cite
  • Add to your cart (remove)
  • Save record
    BIBTEX Dublin Core MARCXML MARC (non-Unicode/MARC-8) MARC (Unicode/UTF-8) MARC (Unicode/UTF-8, Standard) MODS (XML) RIS
  • More searches
    Search for this title in:
    Other Libraries (WorldCat) Other Databases (Google Scholar) Online Stores (Bookfinder.com) Open Library (openlibrary.org)

Exporting to Dublin Core...

SOUTHVILLE LIBRARY

Southville International School and Colleges Library

1281 Tropical Ave. Cor. Luxembourg St., BF Homes International, Las Pinas City

Tel. No. 8256374 / 252358 Loc. 117/146

Powered by Koha